50 films à remplir - 1993 - Statistiques

Statistiques générales
  • Ce quiz a été pris 149 fois
  • Le résultat moyen est 33 sur 50
Statistiques - réponses
Hint Réponse % Correct
La ... de Schindler Liste
98%
L'Étrange Noël de ... Jack Monsieur
95%
... Park Jurassic
90%
Tout ça... ... ça ! Pour
89%
... Rockett Rasta
89%
... (adapté d'un roman d'Émile Zola) Germinal
88%
... Mario Bros. Super
88%
Un ... sans fin Jour
87%
... Doubtfire Madame
87%
Au nom du ... Père
87%
Les Valeurs de la Famille ... Addams
85%
La ... de piano Leçon
85%
Si loin, si ... ! Proche
85%
Beaucoup de ... pour rien Bruit
83%
... (ce film est nommé d'après la 6e plus grande ville des États-Unis) Philadelphia
83%
Sauvez ... Willy
83%
... ciel et terre Entre
82%
Un ... parfait Monde
78%
Trois couleurs : ... Bleu
77%
Les ... Visiteurs
75%
Le Temps de l'... Innocence
74%
... contre le Fantôme Masqué Batman
73%
Meurtre mystérieux à ... Manhattan
72%
Il était une fois le ... Bronx
71%
Douba-... Douba
70%
Les ... du jour Vestiges
70%
... Romance True
69%
Adieu ma ... Concubine
67%
Hot ... ! 2 Shots
67%
L'... Impasse
66%
... libre Chute
63%
La ... américaine Classe
63%
Le ... Fugitif
63%
Panic sur ... Beach Florida
62%
... Dream Arizona
61%
... Action Hero Last
58%
... 2 Beethoven
57%
... : Traque au sommet Cliffhanger
57%
Wallace et Gromit - Un mauvais ... Pantalon
55%
... Cuts Short
54%
... - Mélodie mortelle Sonatine
46%
... Man Demolition
45%
Little ... Buddha
41%
King of the ... Hill
40%
Iron ... Monkey
37%
Body ..., l'invasion continue Snatchers
36%
... Grape Gilbert
30%
... Me Libera
23%
Menace ... Society II
16%
Le Maître de ... Marionettes
12%
Aucun quiz correspondant
Distribution des résultats
% des personnes avec chaque résultat
Percentile par nombre de réponses
Votre historique - résultats
Vous n’avez pas pris ce quiz